书目信息 |
| 题名: |
江西高速公路建设实录
|
|
| 作者: | 李国峰 主编 ;江西省交通运输厅 著 | |
| 分册: | ||
| 出版信息: | 北京 人民交通出版社股份有限公司 2018.09 |
|
| 页数: | 641页, 16页图版 | |
| 开本: | 26cm | |
| 丛书名: | ||
| 单 册: | ||
| 中图分类: | U412.36 | |
| 科图分类: | ||
| 主题词: | 高速公路--gao su gong lu--道路建设--江西 | |
| 电子资源: | ||
| ISBN: | 978-7-114-14833-0 | |
| 000 | 01166nam0 2200289 450 | |
| 001 | 0100011237 | |
| 005 | 20190905093952.0 | |
| 010 | @a978-7-114-14833-0@b精装@dCNY320.00 | |
| 100 | @a20190904d2018 em y0chiy50 ea | |
| 101 | 0 | @achi |
| 102 | @aCN@b110000 | |
| 105 | @aab z 000yy | |
| 106 | @ar | |
| 200 | 1 | @a江西高速公路建设实录@Ajiang xi gao su gong lu jian she shi lu@d= Record of expressway construction in Jiangxi@f江西省交通运输厅@zeng |
| 210 | @a北京@c人民交通出版社股份有限公司@d2018.09 | |
| 215 | @a641页, 16页图版@c彩图, 地图@d26cm | |
| 300 | @a中国高速公路建设实录 “十三五”国家重点图书出版规划项目 | |
| 314 | @a书内题: 李国峰主编 | |
| 330 | @a本书系统总结了江西省高速公路发展成就, 详细记述了高速公路建设过程中的项目建设实情、管理经验、科技创新及文化传承, 具有较强的史料价值。 | |
| 510 | 1 | @aRecord of expressway construction in Jiangxi@zeng |
| 606 | 0 | @a高速公路@Agao su gong lu@x道路建设@y江西 |
| 690 | @aU412.36@v5 | |
| 701 | 0 | @a李国峰@Ali guo feng@4主编 |
| 712 | 02 | @a江西省交通运输厅@Ajiang xi sheng jiao tong yun shu ting@4著 |
| 801 | 0 | @aCN@c20190905 |
| 801 | 2 | @aCN@c20190905 |
| 905 | @a河南城建学院图书馆@dU412.36@eL161 | |
| 江西高速公路建设实录= Record of expressway construction in Jiangxi/江西省交通运输厅.-北京:人民交通出版社股份有限公司,2018.09 |
| 641页, 16页图版:彩图, 地图;26cm |
| 中国高速公路建设实录 “十三五”国家重点图书出版规划项目 |
| ISBN 978-7-114-14833-0(精装):CNY320.00 |
| 本书系统总结了江西省高速公路发展成就, 详细记述了高速公路建设过程中的项目建设实情、管理经验、科技创新及文化传承, 具有较强的史料价值。 |
| ● |
| 相关链接 |
|
|
|
正题名:江西高速公路建设实录
索取号:U412.36/L161
 
预约/预借
| 序号 | 登录号 | 条形码 | 馆藏地/架位号 | 状态 | 备注 |
| 1 | 1439594 | 214395947 | 自科库501/501自科库 51排5列1层/ [索取号:U412.36/L161] | 在馆 |